[Event "15th Deltalift Open 2018"]
[Site "Halmstad"]
[Date "2018.05.10"]
[Round "3"]
[White "Lindh, Fredrik"]
[Black "Westerberg, Jonathan"]
[Result "0-1"]
[WhiteElo "2296"]
[BlackElo "2523"]
[Annotator "TA"]
[PlyCount "70"]
[EventDate "2018.??.??"]
[EventType "swiss"]
[EventCountry "SWE"]
[SourceTitle "playchess.com"]
[Source "ChessBase"]
[SourceQuality "1"]

{[%evp 21,70,0,0,1,8,7,23,0,11,0,0,-75,-57,-133,45,44,65,62,56,60,73,-21,-14,-83,-89,-106,-100,-106,-108,-148,-153,-135,-152,-147,-75,-351,-356,-437,-280,-386,-370,-349,-363,-604,-405,-2251,-819,-2619,-1143,-1108,-1078]} 1. e4 c5 2. Nf3 Nc6 3. d4 cxd4 4. Nxd4 Nf6 5. Nc3 e6 6. Ndb5 Bc5 7. Bf4 O-O {B45: Sicilian Four Knights} 8. Bc7 Qe7 9. Bd6 Bxd6 10. Qxd6 Qd8 11. Qg3 (11. Qd2 a6 12. Nd6 b5 13. a4 b4 14. Nd1 b3 15. c3 {½-½ (35) Deac,B (2572)-Motylev,A (2669) Batumi 2018}) 11... d5 {LiveBook: 3 Games} 12. exd5 exd5 13. O-O-O $1 Be6 $146 ({Predecessor:} 13... a6 14. Nc7 Nh5 15. Qf3 Qxc7 16. Qxh5 {0-1 (32) Stefanov,E (2007)-Karakehajov,K (2494) Sunny Beach 2013}) 14. Qf4 Rc8 15. Be2 Qb6 16. g4 (16. Kb1 $11 {remains equal.}) 16... a6 17. g5 ({White should try} 17. Nd4 $1 $15) 17... Ne8 $2 ({Black should play} 17... Ne4 $1 $17 18. Nxe4 dxe4) 18. Nd4 $14 Nb4 19. a3 {[%cal Ba2a3,Ba3b4][%mdl 32]} Rxc3 20. axb4 ({Don't play} 20. bxc3 Na2+ 21. Kd2 Nd6 $11) 20... Rc8 21. Nb3 ({Better is} 21. Bd3 $16) 21... Nd6 $36 {[%mdl 2048] Black fights for an advantage.} 22. Bd3 {[#]} (22. Kb1 $11 {keeps the balance.}) 22... Ne4 $1 $17 {[%cal Re4f2][%mdl 512]} 23. Bxe4 dxe4 24. Nd4 Qxb4 25. Qxe4 Qa4 26. c3 Bb3 27. Rde1 {[#]} Rfe8 (27... b5 $142 $1 {[%cal Rb5b4] ...b4 is the strong threat.} 28. Nxb3 Qxb3) 28. Qd3 $2 {[%mdl 8192] [#]} (28. Qf5 $17) 28... Red8 $1 $19 {[%cal Rd8d4]} 29. Kd2 Qa5 30. Ra1 Qxg5+ 31. Qe3 Qg6 {Threatens to win with ...Qc2+.} 32. Qd3 $2 (32. Rhc1) 32... Qf6 33. f3 (33. Rhe1 $142) 33... Rxd4 (33... Qg5+ $142 34. Ke1 Qg2) 34. cxd4 Qf4+ (34... Qg5+ $142 35. Ke1 Qg2 36. Qxb3 Re8+ 37. Kd1 Qxh1+ 38. Kc2 Rc8+ 39. Kd2 Qxa1) 35. Ke1 Qh4+ {Precision: White = 24%, Black = 49%.} 0-1

[Event "15th Deltalift Open 2018"]
[Site "Halmstad"]
[Date "2018.05.10"]
[Round "3"]
[White "Crevatin, Leo"]
[Black "Harren, Mats"]
[Result "1-0"]
[WhiteElo "2251"]
[BlackElo "2098"]
[Annotator "ChessBase"]
[PlyCount "107"]
[EventDate "2018.??.??"]
[EventType "swiss"]
[EventCountry "SWE"]
[SourceTitle "playchess.com"]
[Source "ChessBase"]
[SourceQuality "1"]
[TimeControl "1800+12"]

1. d4 {[%emt 0:00:00]} Nf6 {[%emt 0:00:04]} 2. c4 {[%emt 0:00:00]} c5 {[%emt 0:00:03]} 3. d5 {[%emt 0:00:00]} e6 {[%emt 0:00:05]} 4. Nc3 {[%emt 0:00:00]} exd5 {[%emt 0:00:04]} 5. cxd5 {[%emt 0:00:00]} d6 {[%emt 0:00:03]} 6. Nf3 {[%emt 0:00:23]} g6 {[%emt 0:00:05]} 7. Bf4 {[%emt 0:00:02]} a6 {[%emt 0:00:32]} 8. a4 {[%emt 0:00:01]} Bg7 {[%emt 0:00:54]} 9. e3 {[%emt 0:00:29]} O-O {[%emt 0:00:20]} 10. Be2 {[%emt 0:01:59]} Ne8 {[%emt 0:01:09]} 11. O-O {[%emt 0:02:18]} b6 {[%emt 0:00:24]} 12. Nd2 {[%emt 0:03:19]} Nd7 {[%emt 0:05:09]} 13. Nc4 {[%emt 0:04:53]} Qe7 {[%emt 0:00:24]} 14. Qd2 {[%emt 0:03:40]} Rb8 {[%emt 0:00:58]} 15. Rfe1 {[%emt 0:02:11]} f5 {[%emt 0:03:49]} 16. Bf1 {[%emt 0:03:46]} Ne5 {[%emt 0:03:26]} 17. e4 {[%emt 0:01:51]} Nxc4 {[%emt 0:06:09]} 18. Bxc4 {[%emt 0:00:02]} Qd7 {[%emt 0:00:12]} 19. e5 {[%emt 0:01:44]} dxe5 {[%emt 0:00:51]} 20. Bxe5 {[%emt 0:00:02]} Nd6 {[%emt 0:00:47]} 21. Bxg7 {[%emt 0:01:38]} Nxc4 {[%emt 0:00:23]} 22. Qf4 {[%emt 0:00:02]} Kxg7 {[%emt 0:01:08]} 23. Qxb8 {[%emt 0:00:28]} Bb7 {[%emt 0:00:04]} 24. Qf4 {[%emt 0:00:11]} Nxb2 {[%emt 0:00:04]} 25. Re2 {[%emt 0:01:23]} Nd3 {[%emt 0:00:04]} 26. Qe3 {[%emt 0:00:20]} Nb4 {[%emt 0:00:20]} 27. Qe5+ {[%emt 0:00:50]} Kg8 {[%emt 0:00:09]} 28. Rd1 {[%emt 0:01:03]} Rd8 {[%emt 0:02:32]} 29. Qe6+ {[%emt 0:01:08]} Qxe6 {[%emt 0:00:57]} 30. Rxe6 {[%emt 0:00:02]} b5 {[%emt 0:00:11]} 31. Rb6 {[%emt 0:00:36]} Bxd5 {[%emt 0:02:10]} 32. axb5 {[%emt 0:00:20]} axb5 {[%emt 0:00:08]} 33. Rxb5 {[%emt 0:00:30]} Re8 {[%emt 0:00:04]} 34. Rxc5 {[%emt 0:00:26]} Bf7 {[%emt 0:00:03]} 35. h4 {[%emt 0:00:29]} Re7 {[%emt 0:00:21]} 36. Nb5 {[%emt 0:00:28]} Kg7 {[%emt 0:00:36]} 37. Nd6 {[%emt 0:00:08]} Bg8 {[%emt 0:00:04]} 38. Kh2 {[%emt 0:00:25]} Na6 {[%emt 0:00:28]} 39. Rc6 {[%emt 0:00:11]} Nc7 {[%emt 0:00:09]} 40. Rb1 {[%emt 0:00:17]} Nd5 {[%emt 0:00:53]} 41. Rb7 {[%emt 0:00:12]} Rxb7 42. Nxb7 {[%emt 0:00:01]} Kf7 {[%emt 0:00:38]} 43. Ra6 {[%emt 0:00:10]} Nf6 {[%emt 0:00:20]} 44. Nc5 {[%emt 0:00:08]} Ng4+ {[%emt 0:00:31]} 45. Kg3 {[%emt 0:00:02]} Ke7 {[%emt 0:00:16]} 46. f3 {[%emt 0:00:10]} Nf6 {[%emt 0:00:17]} 47. Kf4 {[%emt 0:00:11]} h6 {[%emt 0:00:13]} 48. Ke5 {[%emt 0:00:15]} Nh5 {[%emt 0:01:00]} 49. Rxg6 {[%emt 0:00:12]} Bc4 {[%emt 0:00:02]} 50. Rxh6 {[%emt 0:00:11]} Ng3 {[%emt 0:00:01]} 51. Rh7+ {[%emt 0:00:10]} Ke8 {[%emt 0:00:04]} 52. h5 {[%emt 0:00:10]} Bf1 {[%emt 0:00:03]} 53. h6 {[%emt 0:00:09]} f4 {[%emt 0:00:14]} 54. Ra7 {[%emt 0:00:16]} 1-0

[Event "15th Deltalift Open 2018"]
[Site "Halmstad"]
[Date "2018.05.10"]
[Round "3"]
[White "Silseth, Simon"]
[Black "Frisk, Hans"]
[Result "1-0"]
[WhiteElo "2239"]
[BlackElo "2002"]
[Annotator "NA"]
[PlyCount "57"]
[EventDate "2018.??.??"]
[EventType "swiss"]
[EventCountry "SWE"]
[SourceTitle "playchess.com"]
[Source "ChessBase"]
[SourceQuality "1"]
[TimeControl "1800+12"]

1. e4 {[%emt 0:00:02]} e5 {[%emt 0:00:01]} 2. Bc4 {[%emt 0:00:02]} Nf6 {[%emt 0:00:15]} 3. d3 {[%emt 0:00:02]} c6 {[%emt 0:00:29]} 4. Nf3 {[%emt 0:00:04]} d5 {[%emt 0:00:12]} 5. Bb3 {[%emt 0:00:02]} Bd6 {[%emt 0:00:34]} 6. Nc3 {[%emt 0:00:18]} Be6 {[%emt 0:00:44]} 7. O-O {[%emt 0:00:53] C24: Bishop's Opening: 2...Nf6} (7. exd5 cxd5 8. Bg5 Bb4 9. O-O Bxc3 10. bxc3 Nc6 11. Re1 Qd6 12. Nxe5 Nxe5 13. Bf4 Nfd7 14. d4 O-O 15. dxe5 {1-0 (50) Hou,Y (2673)-Kosteniuk,A (2541) Beijing 2014}) 7... O-O {[%emt 0:01:45]} 8. exd5 {[%emt 0:01:02]} cxd5 {[%emt 0:01:16]} 9. Bg5 {[%emt 0:00:11]} d4 $146 {[%emt 0:04:15]} ({Predecessor:} 9... Bc7 10. Nb5 Nc6 11. Nxc7 Qxc7 12. Bxf6 gxf6 13. d4 e4 14. Nh4 {½-½ (24) Fenwick,J (2455)-Hofer,R (2378) ICCF email 2015}) 10. Ne4 {[%emt 0:01:09]} Bxb3 {[%emt 0:00:58]} 11. Bxf6 {[%emt 0:01:02]} gxf6 {[%emt 0:00:50]} 12. axb3 {[%emt 0:00:54]} f5 {[%emt 0:01:47]} 13. Ng3 {[%emt 0:01:05]} Qf6 {[%emt 0:00:41]} 14. Nd2 {[%emt 0:00:46]} Nc6 {[%emt 0:01:53]} 15. Qh5 {[%emt 0:01:20]} Ne7 {[%emt 0:00:22]} 16. c3 {[%emt 0:00:44]} dxc3 {[%emt 0:01:21]} 17. bxc3 {[%emt 0:00:01]} Qg6 {[%emt 0:00:24]} 18. Qf3 {[%emt 0:00:11]} Kh8 {[%emt 0:02:37]} 19. Qxb7 {[%emt 0:00:50]} e4 {[%emt 0:05:46]} 20. Ra6 {[%emt 0:02:43]} ({Resist} 20. Rxa7 $6 Rab8 $16) 20... Rfb8 {[%emt 0:01:51]} 21. Qd7 {[%emt 0:00:36]} Rd8 {[%emt 0:00:01]} 22. Qb5 $18 {[%emt 0:00:41]} exd3 {[%emt 0:00:31]} 23. Re1 {[%emt 0:06:00]} Qg5 {[%emt 0:01:59]} 24. Rxd6 {[%emt 0:00:57]} Rxd6 {[%emt 0:01:07]} 25. Qe5+ {[%emt 0:00:04]} Kg8 {[%emt 0:00:57]} 26. Qxd6 {[%emt 0:00:31]} Qxd2 {[%emt 0:00:03]} 27. Qxe7 {[%emt 0:00:33]} Qxc3 {[%emt 0:00:04]} 28. Nxf5 {[%emt 0:00:12]} d2 {[%emt 0:00:29]} 29. Qe8+ 1-0

[Event "15th Deltalift Open 2018"]
[Site "Halmstad"]
[Date "2018.05.10"]
[Round "3"]
[White "Linusson, Pelle"]
[Black "Tikkanen, Hans"]
[Result "0-1"]
[WhiteElo "2211"]
[BlackElo "2492"]
[Annotator "TA"]
[PlyCount "36"]
[EventDate "2018.??.??"]
[EventType "swiss"]
[EventCountry "SWE"]
[SourceTitle "playchess.com"]
[Source "ChessBase"]
[SourceQuality "1"]

{[%evp 12,36,-7,-45,18,18,0,-125,-138,-306,-303,-299,-288,-362,-368,-377,-327,-458,-450,-442,-414,-457,-456,-584,-572,-823,-821]} 1. Nf3 d5 2. c4 d4 3. b4 f6 4. e3 e5 5. c5 (5. a3 c5 6. d3 dxe3 7. Bxe3 cxb4 8. Be2 Nc6 9. O-O Nge7 10. axb4 Nxb4 11. Bxa7 Qd7 12. Bd4 Rxa1 13. Bxa1 {½-½ (30) Almasi,Z (2707)-L'Ami,E (2611) Douglas 2017}) 5... a5 6. Bb5+ {A09: Réti Opening: 1 Nf3 d5 2 c4} c6 7. Bc4 {LiveBook: 13 Games} dxe3 ({Better is} 7... Bg4 $15) 8. fxe3 $11 {The position is equal.} e4 $146 ({Predecessor:} 8... axb4 9. d4 Nd7 10. Nbd2 f5 11. e4 exd4 12. O-O Ngf6 13. exf5 {1-0 (23) Loeschnauer,E (2375)-Garcia,H (2108) ICCF email 2015}) 9. Ne5 (9. Nd4 $11) 9... Nh6 $17 {Hoping for ...Bf5.} 10. Qh5+ $2 {[#]} (10. d4 $17) 10... g6 $19 11. Nxg6 Bg4 {[%cal Bc8g4,Bg4h5,Bh5f7][%mdl 32]} 12. Qh4 hxg6 {[%cal Bh7g6,Bg6g5][%mdl 32]} 13. Bb2 Bg7 14. Rf1 (14. b5 $142) 14... Nd7 15. h3 g5 16. Qf2 Bh5 {Black is clearly winning.} 17. g4 Bf7 18. Be2 axb4 {Precision: White = 30%, Black = 59%.} 0-1

[Event "15th Deltalift Open 2018"]
[Site "Halmstad"]
[Date "2018.05.10"]
[Round "3"]
[White "Wahlstrom, Lennart"]
[Black "Linusson, Lasse"]
[Result "0-1"]
[WhiteElo "2200"]
[BlackElo "1962"]
[Annotator "NA"]
[PlyCount "88"]
[EventDate "2018.??.??"]
[EventType "swiss"]
[EventCountry "SWE"]
[SourceTitle "playchess.com"]
[Source "ChessBase"]
[SourceQuality "1"]
[TimeControl "1800+12"]

1. e4 {[%emt 0:00:00]} e5 {[%emt 0:00:06]} 2. Nf3 {[%emt 0:00:00]} d5 {[%emt 0:00:05]} 3. d4 {[%emt 0:01:04]} dxe4 {[%emt 0:00:10]} 4. Nxe5 {[%emt 0:00:02]} Nd7 {[%emt 0:00:10] C40: Latvian and Elephant Gambits} (4... Bd6 5. Nc4 Nf6 6. Nxd6+ Qxd6 7. Be2 O-O 8. O-O Nc6 9. Be3 Nd5 10. Nd2 f5 11. c4 Nxe3 12. fxe3 Qh6 13. Rf4 Nxd4 {0-1 (32) Kabanov,N (2472)-Skatchkov,P (2486) Khanty-Mansiysk 2013}) 5. Nxd7 Bxd7 {[%emt 0:00:08]} 6. Nc3 {[%emt 0:02:34]} Nf6 {[%emt 0:01:00]} 7. Bg5 {[%emt 0:00:32]} Bb4 {[%emt 0:00:11]} 8. Bc4 $146 {[%emt 0:03:06]} ({Predecessor:} 8. a3 Bxc3+ 9. bxc3 a6 {½-½ (9) Rahal,I (1800)-Perondi,R (1785) Porto Alegre 2015}) 8... O-O {[%emt 0:00:20]} 9. O-O {[%emt 0:00:05]} Bxc3 {[%emt 0:00:04]} 10. bxc3 {[%emt 0:00:01]} h6 {[%emt 0:00:18]} 11. Bh4 {[%emt 0:00:42]} Re8 {[%emt 0:03:17]} 12. Re1 {[%emt 0:02:16]} Bf5 {[%emt 0:01:59]} 13. Rb1 {[%emt 0:01:35]} Rb8 {[%emt 0:00:40]} 14. Rb5 {[%emt 0:05:13]} Bg6 {[%emt 0:03:26]} 15. Qb1 {[%emt 0:08:29]} b6 {[%emt 0:00:17]} 16. Rd5 {[%emt 0:00:43]} Qe7 {[%emt 0:01:35]} 17. Re3 {[%emt 0:01:01]} Rbd8 {[%emt 0:00:33]} 18. Re5 {[%emt 0:01:10]} Qd6 {[%emt 0:00:17]} 19. Rxe8+ {[%emt 0:01:27]} Rxe8 {[%emt 0:00:11]} 20. Bxf6 {[%emt 0:00:40]} gxf6 {[%emt 0:01:04]} 21. Rg3 {[%emt 0:00:20]} Kh7 {[%emt 0:02:14]} 22. Qc1 {[%emt 0:00:04]} f5 {[%emt 0:01:05]} 23. Rh3 {[%emt 0:02:00]} f4 {[%emt 0:00:19]} 24. Be2 {[%emt 0:00:44]} Bf5 {[%emt 0:03:33]} 25. Rh4 {[%emt 0:00:02]} e3 {[%emt 0:00:33]} 26. fxe3 {[%emt 0:00:09]} Rxe3 $17 {[%emt 0:00:45]} ({Reject} 26... fxe3 27. c4 $11) 27. Qf1 {[%emt 0:00:02]} Bxc2 {[%emt 0:01:21]} 28. Rxf4 {[%emt 0:00:28]} f5 {[%emt 0:01:18]} 29. Bh5 {[%emt 0:00:12]} Qe6 {[%emt 0:00:24]} 30. d5 {[%emt 0:00:45]} Qe5 {[%emt 0:00:23]} 31. Qb5 {[%emt 0:00:04]} Re1+ {[%emt 0:00:16]} 32. Rf1 {[%emt 0:00:06]} Qe3+ {[%emt 0:00:52]} 33. Kh1 {[%emt 0:00:04]} Ba4 {[%emt 0:03:17]} 34. Qc4 {[%emt 0:00:22]} Qxc3 {[%emt 0:00:28]} 35. Qf4 {[%emt 0:00:08]} Bc2 {[%emt 0:00:42]} 36. h3 {[%emt 0:00:09]} Rxf1+ {[%emt 0:00:17]} 37. Qxf1 {[%emt 0:00:02]} Qe5 {[%emt 0:00:19]} 38. Qc4 {[%emt 0:00:08]} Be4 {[%emt 0:00:16]} 39. d6 {[%emt 0:00:02]} cxd6 {[%emt 0:00:27]} 40. Qc7+ {[%emt 0:00:04]} Qg7 {[%emt 0:00:02]} 41. Bg6+ {[%emt 0:00:12]} Kxg6 {[%emt 0:00:04]} 42. Qxd6+ {[%emt 0:00:02]} Kh7 {[%emt 0:00:03]} 43. Qd2 {[%emt 0:00:30]} Bxg2+ {[%emt 0:00:08]} 44. Kh2 {[%emt 0:00:03]} Be4 0-1

[Event "15th Deltalift Open 2018"]
[Site "Halmstad"]
[Date "2018.05.10"]
[Round "3"]
[White "Madebrink, Lars"]
[Black "Jepson, Christian"]
[Result "1/2-1/2"]
[WhiteElo "2192"]
[BlackElo "2415"]
[Annotator "TA"]
[PlyCount "60"]
[EventDate "2018.??.??"]
[EventType "swiss"]
[EventCountry "SWE"]
[SourceTitle "playchess.com"]
[Source "ChessBase"]
[SourceQuality "1"]

{[%evp 9,60,-24,15,10,7,-14,-1,-15,-12,-13,-10,-3,-16,-32,-31,-41,-26,-33,-15,-44,14,18,21,14,20,-11,-15,-5,-6,-23,-6,-10,0,0,0,-24,-16,-20,-30,-21,-22,-107,-3,-11,0,-7,0,0,0,0,0,0,0]} 1. Nf3 d5 2. d4 Nf6 3. c4 e6 4. Nbd2 (4. Nc3 a6 5. cxd5 exd5 6. Bg5 Be6 7. e3 Nbd7 8. Bd3 Bd6 9. Bf4 Qe7 10. O-O O-O 11. h3 Rfe8 12. Qc2 {½-½ (12) Aronian,L (2805)-Carlsen,M (2837) Riadh 2017}) 4... c5 5. cxd5 Qxd5 6. e3 {D30: Queen's Gambit Declined: Systems without Nc3} cxd4 7. Nxd4 Be7 8. Bb5+ $146 ({Predecessor:} 8. Qb3 O-O 9. Qxd5 Nxd5 10. Be2 e5 11. N4f3 Nc6 {0-1 (47) Marjanovic,S (2024)-Adibekian,R (2219) Arvier 2004}) 8... Bd7 9. Bxd7+ Nbxd7 10. O-O O-O 11. N2f3 Rfc8 12. Qe2 Qe4 13. Bd2 e5 14. Nb5 Rc2 ({Black should try} 14... Qg6 $15) 15. Nc3 $11 Qg4 {[#] Strongly threatening ...e4.} 16. h3 Qh5 $1 {White must now prevent ...e4.} 17. e4 {Rab1 is the strong threat.} Rxb2 18. Rab1 Rxb1 19. Rxb1 Nc5 $36 {[%mdl 2048] Black fights for an advantage.} 20. Qc4 h6 21. Be3 b6 22. Nd5 Nxd5 23. Bxc5 Bxc5 24. Qxd5 Re8 25. Qc6 (25. Rd1 $1 $11) 25... Kf8 (25... Rd8 $17 {White should prevent ...Kh7.} 26. Qc7 Rd3 27. Qxa7 Ra3 28. Qb8+ Kh7 29. Qxe5 Bxf2+ 30. Kf1 Qxe5 31. Nxe5 Rxa2) 26. Rd1 {The position is equal.} Bd4 27. Qd7 Re7 28. Qd8+ Re8 29. Qd7 Re7 30. Qd8+ Re8 {Precision: White = 51%, Black = 33%.} 1/2-1/2

[Event "15th Deltalift Open 2018"]
[Site "Halmstad"]
[Date "2018.05.10"]
[Round "3"]
[White "Blomstrom, Lars"]
[Black "Johansson, Mikael"]
[Result "1/2-1/2"]
[WhiteElo "2163"]
[BlackElo "2284"]
[Annotator "ChessBase"]
[PlyCount "66"]
[EventDate "2018.??.??"]
[EventType "swiss"]
[EventCountry "SWE"]
[SourceTitle "playchess.com"]
[Source "ChessBase"]
[SourceQuality "1"]
[TimeControl "1800+12"]

1. e4 {[%emt 0:00:00]} e6 {[%emt 0:00:20]} 2. d4 {[%emt 0:00:07]} d5 {[%emt 0:00:03]} 3. e5 {[%emt 0:00:57]} c5 {[%emt 0:00:06]} 4. c3 {[%emt 0:00:02]} Nc6 {[%emt 0:00:05]} 5. Be3 {[%emt 0:00:06]} Qc7 {[%emt 0:00:21]} 6. Nf3 {[%emt 0:01:07]} Nh6 {[%emt 0:00:03]} 7. Nbd2 {[%emt 0:03:43]} Nf5 {[%emt 0:00:46]} 8. Bd3 {[%emt 0:00:10]} Nxe3 {[%emt 0:00:35]} 9. fxe3 {[%emt 0:00:04]} Be7 {[%emt 0:00:13]} 10. O-O {[%emt 0:01:14]} O-O {[%emt 0:00:51]} 11. Rc1 {[%emt 0:07:05]} c4 {[%emt 0:02:11]} 12. Bb1 {[%emt 0:00:25]} f5 {[%emt 0:00:14]} 13. exf6 {[%emt 0:02:05]} Bxf6 {[%emt 0:01:34]} 14. e4 {[%emt 0:00:11]} dxe4 {[%emt 0:01:46]} 15. Nxe4 {[%emt 0:01:30]} Ne7 {[%emt 0:01:14]} 16. Nfg5 {[%emt 0:04:08]} Nf5 {[%emt 0:01:26]} 17. Qe2 {[%emt 0:02:06]} Qe7 {[%emt 0:02:20]} 18. Nxh7 {[%emt 0:01:40]} Kxh7 {[%emt 0:00:26]} 19. g4 {[%emt 0:01:12]} Bg5 {[%emt 0:02:40]} 20. Rce1 {[%emt 0:00:01]} Bd7 {[%emt 0:00:57]} 21. Qxc4 {[%emt 0:03:04]} Rae8 {[%emt 0:04:06]} 22. Ng3 {[%emt 0:00:49]} g6 {[%emt 0:01:37]} 23. gxf5 {[%emt 0:00:01]} gxf5 {[%emt 0:00:38]} 24. Nxf5 {[%emt 0:00:14]} exf5 {[%emt 0:00:20]} 25. Rxe7+ {[%emt 0:00:29]} Rxe7 {[%emt 0:00:27]} 26. d5 {[%emt 0:00:57]} Kh8 {[%emt 0:02:34]} 27. Qd3 {[%emt 0:00:20]} Rg7 {[%emt 0:00:28]} 28. Kh1 {[%emt 0:00:12]} f4 {[%emt 0:00:20]} 29. Qd4 {[%emt 0:00:29]} Kg8 {[%emt 0:00:47]} 30. Be4 {[%emt 0:00:32]} Bh3 {[%emt 0:00:30]} 31. Rg1 {[%emt 0:00:28]} Bf6 {[%emt 0:00:06]} 32. Rxg7+ {[%emt 0:00:05]} Bxg7 {[%emt 0:00:03]} 33. Qf2 {[%emt 0:00:03]} f3 {[%emt 0:00:21]} 1/2-1/2

[Event "15th Deltalift Open 2018"]
[Site "Halmstad"]
[Date "2018.05.10"]
[Round "3"]
[White "Cramling Bellon, Anna"]
[Black "Karlsson, Ulf"]
[Result "1/2-1/2"]
[WhiteElo "2153"]
[BlackElo "1959"]
[Annotator "NA"]
[PlyCount "79"]
[EventDate "2018.??.??"]
[EventType "swiss"]
[EventCountry "SWE"]
[SourceTitle "playchess.com"]
[Source "ChessBase"]
[SourceQuality "1"]
[TimeControl "1800+12"]

1. d4 {[%emt 0:00:00]} Nf6 {[%emt 0:00:04]} 2. c4 {[%emt 0:00:00]} e5 {[%emt 0:00:02]} 3. dxe5 {[%emt 0:00:00]} Ng4 {[%emt 0:00:01]} 4. Bf4 {[%emt 0:00:02]} Nc6 {[%emt 0:00:02]} 5. Nf3 {[%emt 0:00:02]} Bb4+ {[%emt 0:00:01]} 6. Nbd2 {[%emt 0:00:09]} Qe7 {[%emt 0:00:04]} 7. e3 {[%emt 0:00:37]} Ngxe5 {[%emt 0:00:07]} 8. Nxe5 {[%emt 0:00:03]} Nxe5 {[%emt 0:00:03]} 9. Be2 {[%emt 0:00:54]} a5 {[%emt 0:00:08]} 10. O-O {[%emt 0:00:10]} d6 {[%emt 0:00:40]} 11. Nb3 {[%emt 0:03:28]} a4 {[%emt 0:01:08]} 12. a3 {[%emt 0:03:09]} Bc3 13. bxc3 {[%emt 0:00:29]} axb3 {[%emt 0:01:29]} 14. Qxb3 {[%emt 0:00:02]} b6 {[%emt 0:00:05]} 15. Bxe5 {[%emt 0:10:51]} Qxe5 {[%emt 0:00:07]} 16. Bf3 {[%emt 0:00:01]} Ra5 {[%emt 0:00:11]} 17. Rfd1 {[%emt 0:00:56]} Be6 {[%emt 0:01:03]} 18. Rd4 {[%emt 0:00:10]} O-O {[%emt 0:00:47]} 19. Bd5 {[%emt 0:01:24]} Qg5 {[%emt 0:01:53]} 20. Bxe6 {[%emt 0:01:32]} fxe6 {[%emt 0:00:02]} 21. c5 {[%emt 0:00:03]} Qxc5 {[%emt 0:02:59]} 22. Qxe6+ {[%emt 0:00:09]} Kh8 {[%emt 0:00:02]} 23. Rc4 {[%emt 0:05:28]} Rxa3 {[%emt 0:00:30]} 24. Rf1 {[%emt 0:00:01]} Qf5 {[%emt 0:02:15]} 25. Qxf5 {[%emt 0:02:43]} Rxf5 {[%emt 0:00:01]} 26. Rxc7 {[%emt 0:00:01]} Rc5 {[%emt 0:00:02]} 27. Rd7 {[%emt 0:02:05]} Kg8 {[%emt 0:00:35]} 28. Rxd6 {[%emt 0:00:03]} b5 {[%emt 0:00:01]} 29. Rb1 {[%emt 0:00:52]} Raxc3 {[%emt 0:00:04]} 30. Kf1 {[%emt 0:00:02]} Rc2 {[%emt 0:00:53]} 31. e4 {[%emt 0:00:29]} Ra2 {[%emt 0:00:11]} 32. Rd8+ {[%emt 0:00:11]} Kf7 {[%emt 0:00:02]} 33. Rd5 {[%emt 0:00:12]} Rcc2 {[%emt 0:00:11]} 34. Rf5+ {[%emt 0:00:03]} Ke6 {[%emt 0:00:44]} 35. Ke1 {[%emt 0:00:13]} b4 {[%emt 0:00:07]} 36. Kd1 {[%emt 0:00:06]} Rd2+ {[%emt 0:00:16]} 37. Ke1 {[%emt 0:00:06]} Rdc2 {[%emt 0:00:01]} 38. Kd1 {[%emt 0:00:27]} Rd2+ {[%emt 0:00:05]} 39. Ke1 {[%emt 0:00:03]} Rdc2 {[%emt 0:00:01]} 40. Kd1 {[%emt 0:00:23]} 1/2-1/2

[Event "15th Deltalift Open 2018"]
[Site "Halmstad"]
[Date "2018.05.10"]
[Round "3"]
[White "Wallin, Dennis"]
[Black "Pantzar, Milton"]
[Result "0-1"]
[WhiteElo "2136"]
[BlackElo "2333"]
[Annotator "ChessBase"]
[PlyCount "110"]
[EventDate "2018.??.??"]
[EventType "swiss"]
[EventCountry "SWE"]
[SourceTitle "playchess.com"]
[Source "ChessBase"]
[SourceQuality "1"]
[TimeControl "1800+12"]

1. b3 {[%emt 0:00:00]} e5 {[%emt 0:00:02]} 2. Bb2 {[%emt 0:00:00]} Nc6 {[%emt 0:00:03]} 3. e3 {[%emt 0:00:00]} d5 {[%emt 0:00:02]} 4. Bb5 {[%emt 0:00:01]} Nge7 {[%emt 0:00:03]} 5. Bxe5 {[%emt 0:00:38]} a6 {[%emt 0:00:02]} 6. Bxc6+ {[%emt 0:00:05]} Nxc6 {[%emt 0:00:02]} 7. Bg3 {[%emt 0:00:32]} h5 {[%emt 0:01:57]} 8. h3 {[%emt 0:00:52]} h4 {[%emt 0:02:21]} 9. Bf4 {[%emt 0:00:28]} Bf5 {[%emt 0:03:27]} 10. d3 {[%emt 0:03:22]} Qf6 {[%emt 0:00:38]} 11. c3 {[%emt 0:12:20]} Nb4 {[%emt 0:00:37]} 12. Nf3 {[%emt 0:00:16]} Nxd3+ {[%emt 0:01:35]} 13. Kf1 {[%emt 0:00:01]} Nxf4 {[%emt 0:00:19]} 14. exf4 {[%emt 0:00:01]} O-O-O {[%emt 0:00:13]} 15. Qd4 {[%emt 0:03:26]} Bd6 {[%emt 0:03:19]} 16. Qxf6 {[%emt 0:02:55]} gxf6 {[%emt 0:00:02]} 17. g3 {[%emt 0:00:31]} hxg3 {[%emt 0:06:49]} 18. fxg3 {[%emt 0:00:01]} Rxh3 {[%emt 0:04:07]} 19. Rxh3 {[%emt 0:00:05]} Bxh3+ {[%emt 0:00:04]} 20. Kf2 {[%emt 0:00:05]} Rh8 {[%emt 0:01:03]} 21. b4 {[%emt 0:01:50]} Bg4 {[%emt 0:03:58]} 22. Nbd2 {[%emt 0:00:02]} b6 {[%emt 0:00:41]} 23. a3 {[%emt 0:00:08]} c6 {[%emt 0:00:12]} 24. Kg2 {[%emt 0:01:02]} Kd7 {[%emt 0:00:13]} 25. Re1 {[%emt 0:00:12]} a5 {[%emt 0:00:23]} 26. Nb3 {[%emt 0:02:09]} axb4 {[%emt 0:00:09]} 27. axb4 {[%emt 0:00:02]} Ra8 {[%emt 0:00:04]} 28. Ra1 {[%emt 0:00:01]} Rxa1 {[%emt 0:00:13]} 29. Nxa1 {[%emt 0:00:01]} c5 {[%emt 0:00:42]} 30. bxc5 {[%emt 0:00:13]} bxc5 {[%emt 0:00:02]} 31. Nb3 {[%emt 0:00:15]} Kc6 {[%emt 0:00:09]} 32. Nfd2 {[%emt 0:00:15]} Bc7 {[%emt 0:00:38]} 33. Kf2 {[%emt 0:00:20]} Bb6 {[%emt 0:00:02]} 34. c4 {[%emt 0:00:48]} Bc7 {[%emt 0:00:20]} 35. Ke3 {[%emt 0:00:11]} dxc4 {[%emt 0:00:23]} 36. Nxc4 {[%emt 0:00:01]} Kd5 {[%emt 0:00:20]} 37. Nbd2 {[%emt 0:00:01]} Bh3 {[%emt 0:00:12]} 38. Kf3 {[%emt 0:01:10]} Bc8 {[%emt 0:00:09]} 39. g4 {[%emt 0:00:18]} Ba6 {[%emt 0:00:03]} 40. Ne3+ {[%emt 0:00:06]} Ke6 {[%emt 0:00:34]} 41. Nb3 {[%emt 0:01:20]} Bb6 {[%emt 0:00:26]} 42. Ke4 {[%emt 0:00:26]} Bb7+ {[%emt 0:01:02]} 43. Kd3 {[%emt 0:00:03]} Ba6+ {[%emt 0:00:04]} 44. Ke4 {[%emt 0:00:02]} Kd6 {[%emt 0:00:39]} 45. Kf5 {[%emt 0:00:55]} c4 {[%emt 0:00:14]} 46. Nxc4+ {[%emt 0:00:00]} Bxc4 {[%emt 0:00:01]} 47. Nd2 {[%emt 0:00:01]} Bd5 {[%emt 0:00:11]} 48. Kxf6 {[%emt 0:00:12]} Be3 {[%emt 0:00:02]} 49. Nb1 {[%emt 0:00:12]} Bxf4 {[%emt 0:00:05]} 50. Na3 {[%emt 0:00:19]} Be5+ {[%emt 0:00:05]} 51. Kf5 {[%emt 0:00:03]} Be6+ {[%emt 0:00:10]} 52. Kg5 {[%emt 0:00:01]} Kc5 {[%emt 0:00:05]} 53. Nc2 {[%emt 0:00:01]} Bc3 {[%emt 0:00:10]} 54. Kh5 {[%emt 0:00:12]} Bd2 {[%emt 0:00:04]} 55. g5 {[%emt 0:00:23]} Bb3 {[%emt 0:00:06]} 0-1